000
00295nam a22001217a 4500
040
_c
SY
082
_a
581
100
_a
KHUM THOEUN; ឃុំ ធឿន
245
_a
Botanique forestries, រុក្ខជាតិព្រៃឈើ
260
_a
RUA
_b
KHU
_c
NA
300
_a
110p.
942
_c
KB
999
_c
9390
_d
9390